<?xml version="1.0" encoding="UTF-8"?>
<collection xmlns="http://www.loc.gov/MARC21/slim">
  <record>
    <leader>00000nam  2200000   4500</leader>
    <controlfield tag="001">INLIS000000000020078</controlfield>
    <controlfield tag="005">20250520121223</controlfield>
    <datafield tag="035" ind1="#" ind2="#">
      <subfield code="a">0010-0525000161</subfield>
    </datafield>
    <controlfield tag="007">ta</controlfield>
    <controlfield tag="008">250520################g##########0#ind##</controlfield>
    <datafield tag="020" ind1="#" ind2="#">
      <subfield code="a">978 602 217 399 1</subfield>
    </datafield>
    <datafield tag="082" ind1="#" ind2="#">
      <subfield code="a">371. 33</subfield>
    </datafield>
    <datafield tag="084" ind1="#" ind2="#">
      <subfield code="a">371. 33 SAN i</subfield>
    </datafield>
    <datafield tag="100" ind1=" " ind2="#">
      <subfield code="a">Sani, Ridwan Abdullah</subfield>
    </datafield>
    <datafield tag="245" ind1="1" ind2="#">
      <subfield code="a">Inovasi Pembelajaran /</subfield>
      <subfield code="c">Ridwan Abdullah Sani</subfield>
    </datafield>
    <datafield tag="250" ind1="#" ind2="#">
      <subfield code="a">Cetakan ke 1</subfield>
    </datafield>
    <datafield tag="260" ind1="#" ind2="#">
      <subfield code="a">Jakarta :</subfield>
      <subfield code="b">Bumi Aksara,</subfield>
      <subfield code="c">2013</subfield>
    </datafield>
    <datafield tag="300" ind1="#" ind2="#">
      <subfield code="a">xx, 314 halaman :</subfield>
      <subfield code="b">ilus ;</subfield>
      <subfield code="c">23 cm</subfield>
    </datafield>
    <datafield tag="650" ind1="#" ind2="4">
      <subfield code="a">Metode Pembelajaran</subfield>
    </datafield>
    <datafield tag="520" ind1="#" ind2="#">
      <subfield code="a">Buku ini ditulis sebagai bahan referensi bagi guru untuk mengimplementasikan pembelajaran yang kreatif dan inovatif yang efektif dan efisiensi untuk menghasilkan lulusan yang kreatif. Materi dalam buku ini mencakup teori belajar, model pembelajaran, metode serta teknik pembelajaran yang inovatif yang dijabarkan secara jelas dan mudah dipahami. Materi dapat digunakan untuk merancang strategi dan memilih metode yang sesuai untuk mengatasi permasalahan pembelajaran dalam upaya meningkatkan profesionalitas guru melalui penelitian tindakan kelas.&#13;
&#13;
Beberapa contoh pembelajaran yang sesuai untuk implementasi kurikulum 2013 yang menggunakan metode discovery dan project based learning juga dijabarkan dalam buku ini. Buku ini ditujukan bagi guru dan mahasiswa program studi kependidikan sebagai bahan referensi untuk merancang dan melaksanakan pembelajaran aktif, inovatif, kreatif, efektif dan menarik (PAIKEM).</subfield>
    </datafield>
    <datafield tag="990" ind1="#" ind2="#">
      <subfield code="a">160518311</subfield>
    </datafield>
  </record>
</collection>
